| 000 | 00000nam 2200000za 4500 |
| 001 | 9.846790 |
| 003 | CaOODSP |
| 005 | 20221107153304 |
| 007 | cr ||||||||||| |
| 008 | 171108s1955 onc os f000 0 eng d |
| 040 | |aCaOODSP|beng |
| 043 | |an-cn--- |
| 086 | 1 |aCS63-505/1955E-PDF |
| 245 | 00|aRetail trade, 1930-1951 (revisions to the intercensal estimates) |h[electronic resource] / |cDominion Bureau of Statistics, Industry and Merchandising Division, Merchandising and Services Section. |
| 260 | |aOttawa : |bEdmond Cloutier, Queen's Printer, |c1955. |
| 300 | |a12 p. |
| 490 | 1 |aReference paper ; |vno. 56 |
| 500 | |aCover title. |
| 500 | |aChiefly tables. |
| 500 | |aDigitized edition from print [produced by Statistics Canada]. |
| 520 | |a“Current (or inter-censal) estimates of retail sales are based primarily on a sample collection of representative stores and they are revised for accuracy each time that a new total survey, the Decennial Census of Distribution, provides the necessary check data. Revisions to the inter-censal estimates between 1930 and 1941 were made and published at the conclusion of the 1941 Census. They are repeated here in conjunction with the recently completed revisions for the inter-censal years 1941-1951 to show an unbroken series of retail sales from 1930 to 1951"--p. [3]. |
| 530 | |aIssued also in print format. |
| 692 | 07|2gccst|aRetail trade |
| 692 | 07|2gccst|aStatistics |
| 710 | 1 |aCanada. |bDominion Bureau of Statistics. |bMerchandising and Services Section. |
| 830 | #0|aReference paper (Canada. Dominion Bureau of Statistics)|vno. 56|w(CaOODSP)9.820711 |
| 856 | 40|qPDF|s2.05 MB|uhttps://publications.gc.ca/collections/collection_2017/statcan/CS63-505-1955-eng.pdf |
| 986 | |a63-505 |